000 00977nam a2200217Ii 4500
003 JO-AjNU
008 230605s9999||||xx |||||||||||||| ||und||
017 _a2006/12/4056
020 _a978-0471-69742-8/ 0-471-69742-7
040 _aJO-AjNU
_bara
_erda
_cJO-AjNU
041 _aara
050 1 4 _aHF 5635.M5712 2006
100 3 _aميرزا،عباس علي/ م. مشارك: جراهام جيه هولت، ماغنوس اوريل,
_eauthor
_928463
245 0 0 _aالمعايير الدولية لاعداد التقارير المالية: كتاب ودليل=IFRS International Financial Reporting Standards : Workbook&Guide
264 3 1 _a نيوجيرسي: جون وايلي وابناؤه، 2006
300 _a393ص
_bيحتوي على ببلوغرافية من ص380-393 ص
336 _atext
_btxt
_2rdacontent
337 _aunmediated
_bn
_2rdamedia
338 _avolume
_bnc
_2rdacarrier
650 4 _aالتقاير المالية - معايير دولية 
_928464
999 _aA11043
_c14611
_d14611